| 000 | 00829cam a22002533a 4500 | ||
|---|---|---|---|
| 001 | 30996 | ||
| 003 | PGUSA | ||
| 005 | 20140828083654.0 | ||
| 008 | 100116s2010||||xxu|||||s|||||000 | eng d | ||
| 040 |
_aPGUSA _beng |
||
| 042 | _adc | ||
| 050 | 4 | _aBX | |
| 100 | 1 |
_aPetruccelli della Gattina, Ferdinando, _d1816-1890 |
|
| 245 | 1 | 0 |
_aIl re dei re, vol. 2 (di 4) : _bConvoglio diretto nell'XI secolo _h[electronic resource] / _cFerdinando Petruccelli della Gattina |
| 260 |
_bProject Gutenberg, _c2010 |
||
| 506 | _aPublic domain in the USA. | ||
| 516 | _aElectronic text | ||
| 653 | _aChurch history -- 11th century | ||
| 653 | _aPapacy -- History -- To 1309 | ||
| 653 | _aGregory VII, Pope, approximately 1015-1085 | ||
| 830 | 0 |
_aProject Gutenberg _v30996 |
|
| 856 | 4 | 0 | _uhttp://www.gutenberg.org/ebooks/30996 |
| 942 | _cEB | ||
| 999 |
_c260251 _d260251 |
||